| 000 | 00000nam##2200000za#4500 |
| 001 | 9.617588 |
| 003 | CaOODSP |
| 005 | 20230131161134 |
| 007 | co ||||||||||| |
| 008 | 150406|2007||||xxc |q d f### # eng|d |
| 020 | |a0-660-19557-7 |
| 040 | |aCaOODSP|beng |
| 043 | |an-cn--- |
| 086 | 1 |aM41-8/48E-MRC |
| 110 | 2 |aGeological Survey of Canada. |
| 245 | 10|aRocks and minerals for the collector : |h[electronic resource]|bOttawa to North Bay and Huntsville, Ontario; Gatineau (Hull) to Waltham and Témiscaming, Quebec / |c[by] Ann P. Sabina. |
| 260 | |bNatural Resources Canada. |c2007. |
| 300 | |a1 CD-ROM (with PDF document, 262p.)|bglossary, maps, references, tables, photographs, index |
| 490 | 1 |aMiscellaneous report|v48 |
| 500 | |aThe catalogue number (M41-8/48E) and ISBN (0-660-19556-9) for the print edition have been incorrectly copied in this CD-ROM edition |
| 520 | 3 |aThis is one of a series of guidebooks published by region that describe the mineral-, rock-, and fossil-collecting localities. The series provides a useful reference for amateur collectors, professional mineralogists, hobbyists, and tourists. |
| 590 | |a07-16|b2007-04-20 |
| 690 | 07|aGeology|2gcpds |
| 690 | 07|aMinerals|2gcpds |
| 720 | 1 |aSabina, Ann P. |
| 775 | 08|tRoches et minéraux du collectionneur : |w(CaOODSP)9.627067 |
| 776 | 0#|tRocks and minerals for the collector : |w(CaOODSP)9.617587 |
| 830 | #0|aMiscellaneous report (Geological Survey of Canada)|v48|w(CaOODSP)9.515315 |